000 01103nam a2200253 i 4500
001 bg
245 0 0 _aTower's International - katalog tranzystorów :
_bdane techniczne ułatwiające identyfikację, wybór i zamianę tranzystorów /
_c[przedm. przetł. z ang. Michał Nadachowski].
246 _iTyt. oryg.:
_aTowers' International Transistor Selection
250 _aWyd.2 rozszerz.i uaktual.
260 _aWarszawa :
_bWydawnictwa Komunikacji i Łączności,
_c1997.
300 _aXI, [1], 475, [1] s. ;
_c24 cm.
500 _aOryg. : "Towers' International Transistor Selection", 1996.
500 _a[Ponad 32000 tranzystorów biopolarnych i elementów do montażu powierzchniowego produkowanych na całym świecie. Ich dane techniczne zarówno elektryczne, jak i mechaniczne, wraz z proponowanymi zamiennikami].
650 9 _aTranzystory
655 _aSpisy
700 1 _aNADACHOWSKI, Michał.
_eTł.
020 _a832061208X
040 _cBPK
041 1 _apol
_heng
080 _a621.382(083.8)
920 _a83-206-1208-X
942 _cKA
008 s pl f |000 0 pol
999 _c24259
_d24259